=LDR 00000nam 2200000 4500 =001 INLIS000000000046232 =005 20150302082930.0 =006 =007 =008 =020 ##$$a 979-517-529-7 =035 ##$$0010-031500000000004 =040 ##$$a NBPDMAT =090 ##$$a 780.09 $b Iwa p =100 ##$$a Iwan Setiawan =245 ##$$a Perjalanan Musik Legendaris 1 $c Iwan Setiawan, editor SM Rejeki =250 ##$$a Cet.1 =260 ##$$a Jakarta $b Widya Duta Grafika $c 2007 =300 ##$$a iv, 118 hlm. $b ilus. $c 21 cm =700 ##$$a editor SM Rejeki =990 ##$$a 0001/BPAP-NTB/20142015